Sikh Gurus the Sikh Religion (Record no. 11277)

MARC details
000 -LEADER
fixed length control field 00643nam a2200253 a 4500
020 ## - INTERNATIONAL STANDARD BOOK NUMBER
ISBN
082 00 - DEWEY DECIMAL CLASSIFICATION NUMBER
Classification number 294.6
Author Cutter BAN
100 ## - MAIN ENTRY--AUTHOR NAME
Author name Banerjee, Anil Chandra
245 ## - TITLE STATEMENT
Title Sikh Gurus the Sikh Religion
260 ## - PUBLICATION, DISTRIBUTION, ETC. (IMPRINT)
Place of publication Delhi
Name of publisher Munshiram Manoharlal Pub
Year of publication 1983
300 ## - PHYSICAL DESCRIPTION
Number of Pages 370
500 ## - GENERAL NOTE
General note includes index and biblioraphy
505 2# - FORMATTED CONTENTS NOTE
Formatted contents note Glossary, Notes, Bibliography
650 ## - SUBJECT ADDED ENTRY--TOPICAL TERM
Topical Term Sikhism
650 ## - SUBJECT ADDED ENTRY--TOPICAL TERM
Topical Term Sikhism-Glossary
942 ## - ADDED ENTRY ELEMENTS (KOHA)
Koha item type Books
700 1# -
-- Banerjee, Anil Chandra
Holdings
Collection code Home library Current library Date acquired Cost, normal purchase price Full call number Accession Number Koha item type
  Henry Martyn Institute Library Henry Martyn Institute Library 07/30/2007 250.00 294.6 BAN 017279 Books
                   Copyright © 2026 | Henry Martyn Institute | Hyderabad | TS-500052 | INDIA | Implemented by hmi.edu.in
Hit-Count:

Powered by Koha